| 000 | 00948nam a2200241 a 4500 | ||
|---|---|---|---|
| 001 | 000005561 | ||
| 005 | 20200929151720.0 | ||
| 008 | 090820s1984 sp ab 000 0 spa d | ||
| 020 | _a840005962X | ||
| 040 | _aDO-SdBNP | ||
| 082 |
_a738.6 _bP132i |
||
| 100 | 1 |
_aPage del Pozo, Virginia _915709 |
|
| 245 | 1 | 0 |
_aImitaciones de influjo griego en la cerámica ibérica de Valencia, Alicante y Murcia. / _cVirginia Page del Pozo ; prólogo Ana María Muñoz Amilibia. |
| 260 |
_aMadrid, : _bCSIC, _c1984. |
||
| 300 |
_a308 p. : _bil., map. ; _c23 cm. |
||
| 440 | 0 |
_aIberia Graeca _pArqueologica _n1 _915710 |
|
| 504 | _aIncluye referencias bibliográficas y notas al pie de las páginas | ||
| 504 | _aIncluye bibliografías (p. 23-39) | ||
| 650 | 4 |
_aCerámica ibérica _zValencia _xInfluencia griega _915711 |
|
| 700 | 1 |
_aMuñoz Amilibia, Ana María _epról. _915712 |
|
| 710 | 1 |
_aConsejo Superior de Investigaciones Científicas _94786 |
|
| 049 | _aBNPD | ||
| 999 |
_c5360 _d5360 |
||